The beauties of Goldsmith: or The moral and sentimental treasury of genius : [Three lines from Goldsmith's Citizen of the world].

Bibliographic Details
Main Author: Goldsmith, Oliver, 1730?-1774
Format: eBook
Language:English
Series:Early American imprints. Evans (1639-1800) ; no. 32200.
Subjects:
Online Access:Evans Digital Edition

MARC

Tag First Indicator Second Indicator Subfields
LEADER 00000cam a2200000 a 4500
001 in00002139016
006 m e d #
007 cr mn mmmmabba
008 820311s1797 pau s 001 0beng d
005 20260330214656.8
035 |z w029856 
035 |a MAAR8203112903B 
035 |9 mwa91-47179 
035 |a 337547 
035 |a aas03029856 
040 |a MWA  |c MWA  |e bdrb  |d UtOrBLW 
100 1 |a Goldsmith, Oliver,  |d 1730?-1774. 
245 1 4 |a The beauties of Goldsmith: or The moral and sentimental treasury of genius :  |b [Three lines from Goldsmith's Citizen of the world]. 
264 3 |a Philadelphia :  |b Printed by Francis Bailey, at Yorick's-Head, no. 116, High-Street,  |c M,DCC,XCVII. [1797] 
300 |a xvii, 7 unnumbered pages, 244 pages, 4 unnumbered pages ;  |c 15 cm. (duodecimo) 
336 |a text  |b txt  |2 rdacontent 
337 |a computer  |b c  |2 rdamedia 
338 |a online resource  |b cr  |2 rdacarrier 
500 |a "The life of Oliver Goldsmith, M.B."--p. [v]-xvii. 
510 4 |a Evans  |c 32200 
530 |a Microform version available in the Readex Early American Imprints series. 
533 |a Electronic text and image data.  |b [Chester, Vt. :  |c Readex, a division of Newsbank, Inc.,  |d 2002-2004.  |e Includes files in TIFF, GIF and PDF formats with inclusion of keyword searchable text.  |f (Early American imprints. First series ; no. 32200). 
500 |a Electronic resource. 
655 7 |a Anthologies.  |2 rbgenr 
740 0 |a Moral and sentimental treasury of genius. 
752 |a United States  |b Pennsylvania  |d Philadelphia. 
830 0 |a Early American imprints.  |n Series I,  |p Evans (1639-1800) ;  |v no. 32200. 
856 4 1 |u http://proxy.library.tamu.edu/login?url=https://opac.newsbank.com/select/evans/32200  |y Evans Digital Edition  |t 0 
999 |a MARS 
999 f f |s a9b4567f-2cbf-3f9b-978d-d3649a87fbce  |i 3eee7e63-4fe4-311b-872e-50fa5febd961  |t 0 
952 f f |a Texas A&M University  |b College Station  |c Electronic Resources  |s www_evans  |d Available Online  |t 0  |h No information provided 
998 f f |t 0  |l Available Online